ბათუმის შოთა რუსთაველის სახელმწიფო უნივერსიტეტის ბიბლიოთეკა

ევროპული ერთობა : (ბიბ.ჩანაწერი № 60832)

000 -ლიდერი
ფიქსირებული სიგრძის საკონტროლო ველი 01937nam a22002777a 4500
003 - საკონტროლო ნომრის იდენტიფიკატორი
საკონტროლო ველი Ge_BSU
005 - ბოლო ოპერაციის თარიღი და დრო
საკონტროლო ველი 20231027164756.0
008 - ფიქსირებული სიგრძის მონაცემთა ელემენტები - ზოგადი ინფორმაცია
ფიქსირებული სიგრძის საკონტროლო ველი 231027s2023 ge ||||| |||| 00| 0 geo d
041 ## - ენის კოდი
Language code of text/sound track or separate title geo
080 ## - უნივერსალური ათობითი კლასიფიკაციის ინდექსი
Universal Decimal Classification number 321(4)(075.8)+94(4) ბ-24
100 ## - მთავარი ჩანაწერი - პიროვნების სახელი
Personal name ბაჟუნაიშვილი, ლაშა
9 (RLIN) 6081
245 ## - ცნობა სათაურის შესახებ
Title ევროპული ერთობა :
Remainder of title იდეა, პოლიტიკა, ინტეგრაცია. პირველი ნაწილი /
Statement of responsibility, etc ლაშა ბაჟუნაიშვილი, ირაკლი გორგილაძე; რედ. : ზვიად აბაშიძე, ნათია ლაპიაშვილი; ყდის დიზაინი ანინა დევაძე.
264 ## - წარმოების, გამოცემის, დისტრიბუციის და სხვა ცნობები
გამოცემის, წარმოების, დისტრიბუციის... ადგილი ბათუმი,
გამოცემის, წარმოების, დისტრიბუციის... თარიღი 2023.
300 ## - ფიზიკური აღწერა
Extent 598 გვ. :
Other physical details ილ.;
Dimensions 24 სმ.
500 ## - ზოგადი შენიშვნა
General note წიგნი ეძღვნება შვილებს- ხატიას, ლაშა-გიორგის, თედოს, ილიას, სოფიას, თათიას და მარიას.
ასევე საქართველოს მომავალ თაობას -საერთო ევროპული ოჯახის ნაწილს.
504 ## - BIBLIOGRAPHY, ETC. NOTE
Bibliography, etc ბიბლიოგრ. გვ. 595-598
653 ## - INDEX TERM--UNCONTROLLED
Uncontrolled term ევროპა
653 ## - INDEX TERM--UNCONTROLLED
Uncontrolled term პოლიტიკა
653 ## - INDEX TERM--UNCONTROLLED
Uncontrolled term გლობალური ომები
653 ## - INDEX TERM--UNCONTROLLED
Uncontrolled term ევროპული ინტეგრაცია
700 ## - ADDED ENTRY--PERSONAL NAME
Personal name გორგილაძე, ირაკლი
Relator term ავტორი
9 (RLIN) 13494
700 ## - ADDED ENTRY--PERSONAL NAME
Personal name აბაშიძე, ზვიად
Relator term რედაქტორი
9 (RLIN) 9104
700 ## - ADDED ENTRY--PERSONAL NAME
Personal name ლაპიაშვილი, ნათია
Relator term რედაქტორი
9 (RLIN) 20261
700 ## - ADDED ENTRY--PERSONAL NAME
Personal name დევაძე, ანინა
Relator term ყდის დიზაინერი
9 (RLIN) 20262
942 ## - ADDED ENTRY ELEMENTS (KOHA)
Source of classification or shelving scheme
Koha item type წიგნი
ეგზემპლარები
ჩამოწერის სტატუსი დაკარგული ეგზემპლარის სტატუსი კლასიფიკაციის წყარო ან თაროზე გაწყობის სქემა დაზიანების სტატუსი არ გაიცემა მუდმივი მდებარეობა (დაცვის ადგილი) ამჟამინდელი ადგილსამყოფელი თაროზე განთავსების ადგილი შეძენის თარიღი ღირებულება, შესყიდვის ნორმალური ფასი სრული შენახვის შიფრი შტრიხკოდი ბოლო ოპერაციის თარიღი ეგზემპლარის მიმდევრობითი ნომერი (კეტერი?) ფასის ძალაში შესვლის თარიღი ეგზემპლარის სახეობა საჯარო შენიშვნა Uniform Resource Identifier
          ბათუმის შოთა რუსთაველის სახელმწიფო უნივერსიტეტის მთავარი ბიბლიოთეკა ბათუმის შოთა რუსთაველის სახელმწიფო უნივერსიტეტის მთავარი ბიბლიოთეკა წიგნსაცავი 2023-10-27 15.00 321(4)(075.8)+94(4) ბ-24 29942 2023-10-27 29942 2023-10-27 წიგნი 15 ლ.  
          ბათუმის შოთა რუსთაველის სახელმწიფო უნივერსიტეტის მთავარი ბიბლიოთეკა ბათუმის შოთა რუსთაველის სახელმწიფო უნივერსიტეტის მთავარი ბიბლიოთეკა წიგნსაცავი 2025-01-24 15.00 321(4)(075.8)+94(4) ბ-24 70386 2025-01-24 70386 2025-01-24 წიგნი 15.00 ნაჩუქარი